| 000 | 01369nam a2200361 a 4500 | ||
|---|---|---|---|
| 999 |
_c381041 _d381041 |
||
| 003 | BLK | ||
| 005 | 20230927124702.0 | ||
| 008 | 202008b bul|||||r ||||||| ||bul|| | ||
| 010 | _aKNG00211813000 | ||
| 020 | _a9786190203513 | ||
| 040 | _aBLK | ||
| 041 |
_aBUL _cBUL |
||
| 072 | 7 |
_2bullib _aН37 _xОбразование. Педагогика Н |
|
| 080 |
_aВъзпитание у дома. Семейно възпитание _b37.018.1 _x(02.062) _z37.018.1(02.062) |
||
| 100 |
_aДолто, Франсоаз _eпърви автор _91299 |
||
| 139 |
_aДолто, Франсоаз _bД 75 |
||
| 245 | 1 | 0 |
_aДа говорим за смъртта _cФрансоаз Долто; прев. от фр. Радостин Желев. |
| 257 | _aFRA | ||
| 260 |
_bКолибри _c2018 _aСофия |
||
| 300 |
_a80 с. _c20 см |
||
| 380 | _a3 | ||
| 650 | 4 |
_aСемейно възпитание - популярна литература _9323993 |
|
| 650 | 4 |
_aВъзпитание в семейството _9242361 |
|
| 653 | _aсемейно възпитание | ||
| 653 | 7 |
_aсмърт _9196869 |
|
| 659 | _aН | ||
| 700 |
_aЖелев, Радостин _eпрев. от фр. _9383750 |
||
| 856 | 4 | _qpdf | |
| 856 | 4 | _qpdf | |
| 942 |
_cKNG _n0 _010 _s1 |
||
| 944 |
_aCR _c2020-08-10 _lЦветомила Тодорова _k30576 |
||
| 999 | _d381041 | ||